|
|
|
|
| LEADER |
00000nab a2200000uu 4500 |
| 001 |
vtls011487572 |
| 003 |
SK-MaSNL |
| 005 |
20260304033830.0 |
| 008 |
230121|1970 xo |||||||||||||||||slo| |
| 015 |
|
|
|a SNBRB
|
| 035 |
|
|
|a (urnnbn)urn:nbn:sk:snk:ar-007bkn
|
| 035 |
|
|
|a (uuid)2121354b-3dc0-467b-b5fb-f5e0b77a38c1
|
| 035 |
|
|
|a urn:nbn:sk:snk-abddfy
|
| 040 |
|
|
|a SNKBUCL
|b slo
|c SNKBUCL
|e AACR2
|
| 041 |
0 |
|
|a slo
|
| 044 |
|
|
|a xo
|c SK
|
| 100 |
1 |
|
|a Šurina, Ivan,
|d 1923-
|4 aut
|9 8715
|
| 245 |
1 |
0 |
|a PRINCÍP SPOLUPRÁCE LEKÁRSKEHO TEAMU A REHABILITAČNÝCH PRACOVNÍKOV U PACIENTA S RÁZŠTEPOM PERY A PODNEBIA
|c I. Šurina
|
| 773 |
0 |
|
|t Rehabilitácia : odborný časopis pre otázky liečebnej, pracovnej, psychosociálnej a výchovnej rehabilitácie
|g Roč. 3, č. 3 (1970), s. 173-[177]
|
| 954 |
|
|
|a odborná, vedecká literatúra pôvodná (slovenská)
|2 lita
|
| 958 |
|
|
|a OND
|
| 958 |
|
|
|a EUIPO
|
| 958 |
|
|
|a article18
|
| 999 |
|
|
|c 2649986
|d 2651916
|